| 000 | 00814nam a2200253 u 4500 | ||
|---|---|---|---|
| 005 | 20240910063817.0 | ||
| 008 | 090923s2004 es r 000 0 spa d | ||
| 020 | _a9788497840507 | ||
| 035 | _aUPN01000172449 | ||
| 049 | _aCG | ||
| 050 | 4 |
_aHQ76.25 _bS6.3 |
|
| 100 | 1 | _aSpargo, Tamsin | |
| 245 | 1 | 0 |
_aFoucault y la teoría Queer / _cTamsin Spargo ; tr. Grabriela Ventureira. |
| 260 |
_aBarcelona, Esp. : _bGedisa, _c2004. |
||
| 300 | _a89 p. | ||
| 440 | 0 | _aEncuentros contemporáneos | |
| 534 |
_pTítulo original: _tFoucault and Queer theory |
||
| 650 | 4 |
_aHOMOSEXUALIDAD - _xFILOSOFIA _914909 |
|
| 600 | 1 | 4 |
_aFoucault, Michel, _d1926-1984 _xCrítica e interpretación _913354 |
| 650 | 4 |
_aTeoría queer _914895 |
|
| 650 | 2 |
_aPostmodernismo _95929 |
|
| 905 | _aLibro | ||
| 999 |
_c144553 _d144553 |
||